| 000 | 00399nam a2200157Ia 4500 | ||
|---|---|---|---|
| 005 | 20240807061851.0 | ||
| 008 | 240806s9999||||xx |||||||||||||| ||eng|| | ||
| 041 | _aeng | ||
| 082 |
_a891.433 _bSHAK.2 |
||
| 100 | _aSharma, Manu | ||
| 245 | 0 |
_aKrishna ki atmkatha - durabhi sandhi (vol.2) / _cSharma, Manu |
|
| 260 | _bPrabhat Prakashan | ||
| 300 | _a446 | ||
| 650 | _aGeneral Studies | ||
| 942 | _cBK | ||
| 999 |
_c1421 _d1421 |
||